Statistics for Fifa 20 Top 25 Belgium Players

Click here to take the quiz!

General Stats

  • This quiz has been taken 48 times
  • The average score is 16 of 25

Answer Stats

RatingWolvesPlayer% Correct
91Real MadridEden Hazard
100%
91Manchester CityKevin De Bruyne
100%
88Real MadridThibaut Courtois
100%
82Borussia DortmundThorgan Hazard
100%
85Inter MilanRomelu Lukaku
98%
87NapoliDries Mertens
93%
87Tottenham HotspurToby Alderweireld
93%
87Tottenham HotspurJan Vertonghen
90%
85Borussia DortmundAxel Witsel
86%
82PSGThomas Meunier
81%
83Atletico MadridYannick Carrasco
74%
80Leicester CityYouri Tielemans
71%
83RSC AnderlechtVincent Kompany
67%
83VFL WolfsburgKoen Casteels
50%
78WolvesLeander Dendoncker
50%
83CagliariRadja Nainggolan
48%
79Real SociedadAdnan Januzaj
45%
79ChelseaMichy Batshuayi
43%
80Club BruggeHans Vanaken
40%
79Olympique LyonJason Denayer
40%
79Brighton & Hove AlbionLeandro Trossard
40%
81Guangzhou R&FMousa Dembele
40%
78WatfordChristian Kabasele
24%
78Royal AntwerpSteven Defour
14%
78Royal AntwerpKevin Mirallas
7%

Score Distribution

Percentile by Number Answered

Percent of People with Each Score

Your Score History

You have not taken this quiz